Quiz o Seszelach - Statystyki

Ogólne statystyki
  • Ten quiz został rozwiązany 1 664 razy
  • Średni wynik to 9 z 18
Statystyki odpowiedzi
Wskazówka Odpowiedź % Poprawnych
Ocean, na którym leżą Seszele Ocean {Indyjski}
96%
Języki urzędowe Angielski
86%
Państwo wyspiarskie, który leży najbliżej Seszeli Madagaskar
82%
Jest to również _____ kraj w Afryce o powierzchni zaledwie 459 km2 Najmniejszy
76%
Francuski
74%
Populacja Seszeli w 1700 roku 0
61%
Per capita, Seszele to ________ kraj w Afryce Najbogatszy
61%
Stolica Victoria
60%
Ktoś z Peru jest Peruwiańczykiem. Jak nazywa się ktoś z Seszeli? Seszelczyk
56%
Odkrywca, który widział Seszele (ale nie zatrzymał się) w 1503 roku Vasco da Gama
49%
Kreolski seszelski
41%
Na Seszelach żyje największa na świecie populacja tych gadów, która może przekraczać 250 kg wagi {Żółw} gigant
32%
Oficjalna waluta Rupia seszelska
22%
Produkt spożywczy, który stanowi 82% eksportu Ryba
22%
Lodoicja seszelska, endemiczna na Seszelach, to roślina, która produkuje najcięższe na świecie _____, ważące do 30 kg Nasiona
21%
43 najemników z tego kraju dokonało w 1981 roku próby zamachu stanu RPA
20%
Największa wyspa na Seszelach Mahé
16%
„Życzliwy dyktator”, który przewodził Seszelom w latach 1977–2004 France-Albert René
12%
Nie znaleziono quizów pasujących do podanych kryteriów
Rozkład punktacji
Procent ludzi z każdym wynikiem
Percentyl według liczby udzielonych odpowiedzi
Twoja historia wyników
Nie rozwiązałeś tego quizu